U.S States With the Letter N - Statistics

General Stats
  • This quiz has been taken 189 times
  • The average score is 31 of 33
Answer Stats
U.S States % Correct
New Jersey
98%
New Mexico
97%
New York
97%
North Carolina
96%
North Dakota
96%
California
95%
Nebraska
95%
Nevada
95%
New Hampshire
95%
Pennsylvania
95%
Washington
95%
Arizona
94%
Kansas
94%
Maine
94%
Oregon
94%
Rhode Island
94%
Tennessee
94%
Virginia
94%
Arkansas
93%
Minnesota
93%
Montana
93%
West Virginia
93%
Wyoming
93%
Kentucky
92%
Maryland
92%
South Carolina
92%
Wisconsin
92%
Michigan
91%
Vermont
91%
Indiana
90%
Louisiana
90%
Connecticut
88%
Illinois
88%
No matching quizzes found
Score Distribution
Percent of People with Each Score
Percentile by Number Answered
Your Score History
You have not taken this quiz